Guess K-pop song in every MVs - Statistics

General Stats
  • This quiz has been taken 16 times
  • The average score is 6 of 20
Answer Stats
Picture Answer % Correct
Fashion - cortis
69%
Supernova - Aespa
54%
Rude - hearts2hearts
46%
DNA - bts
38%
Hello future - nct dream
38%
Never ever - got 7
38%
Peek a boo - red velvet
38%
Shutdown - Blackpink
38%
Dalla dalla - itzy
31%
Ditto - new jeans
31%
Lion heart - snsd
31%
Heartshaker - twice
23%
Miniskirt - aoa
15%
Tom boy - idle
15%
Touch my body - sistar
15%
Wee woo - pristin
15%
Love dive - Ive
8%
One more time - adp
8%
Pretty u - seventeen
8%
Up & down - exid
8%
No matching quizzes found
Score Distribution
Percent of People with Each Score
Percentile by Number Answered
Your Score History
You have not taken this quiz